| 000 | 00814nam a22002177a 4500 | ||
|---|---|---|---|
| 005 | 20210325174008.0 | ||
| 008 | s2525 th tha d | ||
| 041 | _atha | ||
| 050 | _aLA1221 ส7 | ||
| 100 | 0 | _aสุลักษณ์ ศิวรักษ์ | |
| 245 | 1 | 0 | _aทัศนะทางการศึกษา |
| 260 | 3 |
_aเลย : _bภาควิชาพื้นฐานการศึกษา คณะครุศาสตร์ วิทยาลัยครูเลย, _c2525 |
|
| 300 | _a346 หน้า | ||
| 650 | 0 | 4 | _aการศึกษา -- ไทย -- 2538--2546 |
| 650 | 0 | 4 | _aครู |
| 650 | 0 | 4 | _aสงฆ์ -- การศึกษา |
| 850 | _aNALT | ||
| 942 | _cGB | ||
| 997 | _c000000000002870 | ||
| 998 | _aJETANANARD SUWANDEE | ||
| 999 |
_c2870 _d2870 |
||